000 00649nam a2200205 a 4500
001 1729568
003 AM-YEHGA
005 20250617164425.0
008 210115s2020 ai a||||||||||||||1|arm|d
020 _a9789939765662
040 _aAM-YeHGA
041 0 _aarm
100 1 _aԷմին, Գևորգ,
_d1919-1998
245 1 0 _aՔասախի խշշոցը :
_bԲանաստեղծություններ /
_cԳ. Էմին ; Կազմող՝ Ա. Էմին.
260 _aԵրևան :
_bԱնտարես,
_c2020.
300 _a73 էջ + 7 ներդիր թ.:
_bլուսանկար ;
_c20 սմ.
650 1 4 _aՀայ պոեզիա
942 _2udc
_cBK
090 _c529808
999 _c523493
_d523493